| 000 | 00607cam a22002411 4500 | ||
|---|---|---|---|
| 001 | ne 63001298 | ||
| 003 | DLC | ||
| 005 | 20260227111747.0 | ||
| 008 | 890420s1962 xx b 000 0 ara | ||
| 010 | _ane 63001298 | ||
| 035 | _a(OCoLC)23487182 | ||
| 040 |
_aDLC _cMiU _dCU _dDLC |
||
| 042 | _apremarc | ||
| 043 | _af------ | ||
| 050 | 0 | 0 |
_aHC502 _b.N2 |
| 100 | 1 | _aNaghash, Muḥammad. | |
| 245 | 1 | 3 | _aal-Sūq al-Afrīqīyah al-mushtarakah. |
| 260 | _c[1962?] | ||
| 300 |
_a56 p. _bmap. _c24 cm. |
||
| 500 | _aRomanized. | ||
| 651 | 0 |
_aAfrica _xEconomic conditions |
|
| 700 | 1 | _aMiṣrī, Yaḥyá. | |
| 999 |
_c46036 _d46036 |
||